| 000 | 00691cam a2200229 a 4500 | ||
|---|---|---|---|
| 001 | 000009416 | ||
| 005 | 20200929161603.0 | ||
| 008 | 780426s1969 ve 001 f spa | ||
| 035 | _a(DLC) 78345448 | ||
| 040 |
_aDO-SdBNP _cDLC _dDLC |
||
| 082 |
_aCh863.44 _bA681e |
||
| 100 | 1 |
_aArenas, Braulio, _d1913-1988. _924208 |
|
| 245 | 1 | 3 |
_aLa endemoniada de Santiago : _bnovela / _cBraulio Arenas. |
| 260 |
_aCaracas, (Venezuela) : _bMonte Ávila, _c[1969]. |
||
| 300 |
_a119 p. ; _c18 cm. |
||
| 490 | 1 | _aContinente | |
| 650 | 4 |
_aNovela chilena _93163 |
|
| 650 | 4 |
_aLiteratura chilena _ySIGLO XX _914677 |
|
| 830 | 0 |
_aContinente. _95070 |
|
| 910 | _aCatalogación por copia / LC | ||
| 049 | _aBNGR | ||
| 999 |
_c9176 _d9176 |
||